000 00568cam a22002177a 4500
001 000076
003 armpunfd
005 20140612090557.0
008 011019e1926####xx#a##########000#0#und#d
040 _aarmpunfd
_carmpunfd
080 _a34(37) P 445
100 1 0 _a Petit, Eugene
245 1 0 _aTratado elemental de derecho romano
260 _a Madrid
_b Saturnino Calleja
_c1926
300 _a766 p.
650 7 _a Derecho Romano
_2LEMB
942 _cLB
_2cdu
945 _aCatalis
_d2010-08-19
945 _aCatalis
_d2010-08-19
945 _aCatalis
_d2010-08-19
999 _c75
_d230579